Leading / (Record no. 6083)

MARC details
000 -LEADER
fixed length control field 00516nam a22001937a 4500
003 - CONTROL NUMBER IDENTIFIER
control field GBCCL
005 - DATE AND TIME OF LATEST TRANSACTION
control field 20241126110555.0
008 - FIXED-LENGTH DATA ELEMENTS--GENERAL INFORMATION
fixed length control field 180430b ||||| |||| 00| 0 eng d
020 ## - INTERNATIONAL STANDARD BOOK NUMBER
International Standard Book Number 9781888810417
040 ## - CATALOGING SOURCE
Transcribing agency gbc
082 ## - DEWEY DECIMAL CLASSIFICATION NUMBER
Classification number 262.1
Item number WEB
100 ## - MAIN ENTRY--PERSONAL NAME
Personal name Webber, Malcolm
9 (RLIN) 7029
245 ## - TITLE STATEMENT
Title Leading /
Statement of responsibility, etc. Malcolm Webber
260 ## - PUBLICATION, DISTRIBUTION, ETC.
Place of publication, distribution, etc. Elkhart:
Name of publisher, distributor, etc. Strategic Press,
Date of publication, distribution, etc. 2003
300 ## - PHYSICAL DESCRIPTION
Extent 94 p.;
Other physical details ill.,
Dimensions 23 cm.
440 ## - SERIES STATEMENT/ADDED ENTRY--TITLE
Title SpiritBuilt Leadership
Volume/sequential designation 3
9 (RLIN) 10956
650 ## - SUBJECT ADDED ENTRY--TOPICAL TERM
Topical term or geographic name entry element Christian Leadership
9 (RLIN) 1568
942 ## - ADDED ENTRY ELEMENTS (KOHA)
Source of classification or shelving scheme Dewey Decimal Classification
Koha item type Books
Koha issues (borrowed), all copies 1
Holdings
Withdrawn status Lost status Source of classification or shelving scheme Damaged status Not for loan Home library Current Library Shelving location Date acquired Total checkouts Full call number Barcode Date last seen Date last checked out Copy number Price effective from Koha item type
    Dewey Decimal Classification     GRACE BIBLE COLLEGE GRACE BIBLE COLLEGE Ministry & Mission 2018-04-30 2 262.1 WEB 014657 2026-02-23 2026-02-16 c.1 2018-04-30 Books
© Grace Bible College Library 2025